Informe final del Ejercicio Profesional Supervisado, realizado en la municipalidad de Cobán, Alta Verapaz/ (Registro nro. 1810)

Detalles MARC
000 -LEADER
campo de control de longitud fija 04019nam a22003137i 4500
001 - NÚMERO DE CONTROL
campo de control TCPA 35
003 - IDENTIFICADOR DE NÚMERO DE CONTROL
campo de control gtcocun
005 - FECHA Y HORA DE LA ÚLTIMA TRANSACCIÓN
campo de control 20250911211602.0
006 - CÓDIGOS DE INFORMACIÓN DE LONGITUD FIJA--CARACTERÍSTICAS DEL MATERIAL ADICIONAL
campo de control de longitud fija a||||gr|||| 00| 0
008 - DATOS DE LONGITUD FIJA--INFORMACIÓN GENERAL
campo de control de longitud fija 250911b2016 gt ||||| m||| 00| 0 eng d
040 ## - FUENTE DE CATALOGACIÓN
Centro catalogador/agencia de origen gtcocun
Lengua de catalogación SPA
Centro/agencia transcriptor gtcocun
Normas de descripción RDA
041 ## - CÓDIGO DE IDIOMA
Código de lengua del texto/banda sonora o título independiente SPA
084 ## - OTRO NÚMERO DE CLASIFICACIÓN
Número de control del registro de autoridad o número normalizado TCPA 35
100 ## - ENTRADA PRINCIPAL--NOMBRE DE PERSONA
Nombre de persona Chen Bac, Herlinda Yesi Anabell
Término indicativo de función/relación Autor
245 ## - MENCIÓN DEL TÍTULO
Título Informe final del Ejercicio Profesional Supervisado, realizado en la municipalidad de Cobán, Alta Verapaz/
Mención de responsabilidad, etc. Herlinda Yesi Anabell Chen Bac
Medio Impreso
264 ## - PRODUCCIÓN, PUBLICACIÓN, DISTRIBUCIÓN, FABRICACIÓN Y COPYRIGHT
Producción, publicación, distribución, fabricación y copyright Cobán, Alta Verapaz:
Nombre del de productor, editor, distribuidor, fabricante Universidad de San Carlos de Guatemala, Centro Universitario del Norte, Licenciatura en Contaduría Pública y Auditoría.
Fecha de producción, publicación, distribución, fabricación o copyright 2016
300 ## - DESCRIPCIÓN FÍSICA
Extensión 59 p.:
Otras características físicas Ilustraciones, gráficas.
Dimensiones 28 cm; PDF
336 ## - TIPO DE CONTENIDO
Fuente rdacontenido
Término de tipo de contenido Texto
Código de tipo de contenido txt
337 ## - TIPO DE MEDIO
Fuente rdamedio
Nombre/término del tipo de medio Computadora
Código del tipo de medio n
338 ## - TIPO DE SOPORTE
Fuente rdasoporte
Nombre/término del tipo de soporte Código en línea
Código del tipo de soporte cr
502 ## - NOTA DE TESIS
identificador de la tesis .
502 ## - NOTA DE TESIS
Nota de tesis Tesis de grado
Tipo de título Licenciatura en Contaduría Pública y Auditoría.
Nombre de la institución que otorga el título Universidad de San Carlos de Guatemala, Centro Universitario del Norte, Licenciatura en Contaduría Pública y Auditoría.
Año de obtención del título 2016
Identificador de la tesis TCPA 35
520 14 - RESUMEN, ETC.
Sumario, etc. Guatemala está integrada por veintidós departamentos, entre ellos esta Alta<br/>Verapaz que se encuentra al norte del país, cuenta con 17 municipios su cabecera<br/>departamental es Cobán.<br/><br/>Cobán cuenta con una extensión territorial de 2,132 kilómetros cuadrados, sus<br/>vías de acceso son la carretera CA-14, la Ruta Nacional No. 5, No.1 y la Ruta<br/>departamental No. 9. Sus recursos naturales son ríos, bosques y una gran<br/>diversidad de flora y fauna.<br/><br/>Los recursos físicos del municipio están: la municipalidad, el palacio de<br/>gobernación, el parque central, el parque navidad, el estadio José Ángel Rossi y<br/>el hospital Hellen Lossi de Laugerud. Los recursos humanos, habitantes de etnia<br/>Queqchi según proyecciones del Instituto Nacional de Estadística (INE) la<br/>población para el año 2015 es de 259,997 habitantes.<br/><br/>Descripción general de la unidad de práctica. La Municipalidad de Cobán, Alta<br/>Verapaz tiene como objetivo prestar sus servicios para el bienestar de sus<br/>ciudadanos, está ubicada en la 1a. Calle 1-11 zona 1. La organización interna<br/>está integrada por la estructura organizativa, esta se encuentra distribuida por<br/>direcciones y unidades, la administrativa está conformada por el manual de<br/>funciones aprobado por el Concejo Municipal, y la financiera lo componen el<br/>financiamiento que le asigna el Estado, así como también sus propias fuentes de<br/>ingresos.<br/>En la identificación y jerarquización de las situaciones encontradas, se<br/>realizópor medio del FODA, las situaciones encontradas fueron el analfabetismo,<br/>desempleo, violencia subdesarrollo y pobreza, las cuales se describieron por<br/>medio de la condición, criterio, causa, efecto y recomendación. Las intervenciones<br/>realizadas la integran los proyectos de producción y comercialización de repollo,<br/>zanahoria y chile pimiento; la descripción de cada una se realizó por medio la<br/>formulación de la justificación, objetivos, marco teórico y las actividades realizaras<br/>en cada una de las intervenciones.<br/><br/>Se analizaron los resultados de las actividades en cada una de las<br/>intervenciones, entre las actividades realizadas esta un análisis coyuntural,<br/>identificación del proyecto y los estudios de mercado, técnico, administrativo legal,<br/>impacto ambiental y financiero y por último la evaluación económica social.<br/><br/>Es oportuno que para los problemas que afectan al país es necesario crear o<br/>apoyar iniciativas que generen fuentes de empleo, como lo es este caso.
650 14 - PUNTO DE ACCESO ADICIONAL DE MATERIA--TÉRMINO DE MATERIA
Fuente del encabezamiento o término LEMB
Término de materia o nombre geográfico como elemento de entrada Cobán, Alta Verapaz
Subdivisión general repollo
-- zanahoria
-- chile pimiento
-- producción
-- comercialización
700 ## - ENTRADA AGREGADA--NOMBRE PERSONAL
Nombre de persona Lic. Miguel Alberto Klug Caal
Término indicativo de función/relación Asesor
856 ## - LOCALIZACIÓN Y ACCESO ELECTRÓNICOS
Identificador Uniforme de Recurso <a href="https://drive.google.com/file/d/1dt-ciFIliM9NO8zKtkzQSN-oN3o5x784/view?usp=sharing">https://drive.google.com/file/d/1dt-ciFIliM9NO8zKtkzQSN-oN3o5x784/view?usp=sharing</a>
Texto de enlace PDF
Nota pública Un ejemplar en línea.
942 ## - ELEMENTOS DE ENTRADA SECUNDARIOS (KOHA)
Fuente de la clasificación o esquema de estantería Clasificación Decimal Dewey
Tipo de ítem Koha TESIS
Parte de la signatura que identifica el ejemplar (Parte del ítem) TCPA 35
Prefijo de la signatura Clasificación
Suprimir en OPAC No
-- TCPA_35_000000000000000
Existencias
Estatus retirado Estado de pérdida Fuente de la clasificación o esquema de estantería Estado de daño No para préstamo Colección Biblioteca de origen Biblioteca actual Ubicación en estantería Fecha de adquisición Número de inventario Total de préstamos Signatura topográfica completa Código de barras Visto por última vez Precio de reemplazo Tipo de ítem Koha
    Clasificación Decimal Dewey     tesis BIBLIOTECA- CUNOR -JOSÉ LUIS GONZALES ROSALES BIBLIOTECA- CUNOR -JOSÉ LUIS GONZALES ROSALES Colección tesis 11/09/2025 TCPA 035   TCPA 035 TCPA 035 11/09/2025 11/09/2025 TESIS